| 000 | 01046nam a22002537a 4500 | ||
|---|---|---|---|
| 005 | 20170124103050.0 | ||
| 010 | _aA-924165 | ||
| 020 |
_c120.00 _a8185045666 |
||
| 035 | _aA-924165 | ||
| 037 | _bCen Lib/Ret | ||
| 040 |
_aDPL _bHN |
||
| 082 |
_aउ _bकोल्हट |
||
| 100 |
_aकोल्हटकर, उषादेवी विजय _970420 |
||
| 245 |
_aजमी हुयी बर्फ / _cउषादेवी विजय कोल्हटकर |
||
| 246 |
_aJami huyi barf / _bby Ushadevi Vijay Kolhatkar |
||
| 260 |
_a दिल्ली _bदिशा प्रकाशन _c1998 |
||
| 270 |
_bदिल्ली _aत्रिनगर _e110035 |
||
| 300 |
_a157पृ. _c19सेमी (सजिल्द ) |
||
| 650 |
_aहिंदी साहित्य _x _z _970421 |
||
| 650 |
_aहिंदी साहित्य _v _xउपन्यास _970422 |
||
| 650 |
_aHindi literature _970423 |
||
| 650 |
_aHindi literature _xFiction _970424 |
||
| 942 |
_2ddc _cHN _hउ _mकोल्हट |
||
| 999 |
_c117158 _d117158 |
||